000 01281naa a22003377a 4500
001 BR8302436
003 BR-BrBNA
005 20240918175238.0
007 ta
008 230509b bl.||||| |||| 00| 0 por d
040 _aBR-BrBNA
_bpor
_cBiblioteca Nacional de Agricultura
041 _a(Pt)
072 _aL36
_b6100
_b3735
_b8954
090 _aL36 BR8302436
100 1 _aCavalheiro, A.C.L.
100 1 _aTrindade, D.S.
100 1 _aOliveira, S.C.
100 1 _aArnt, L.M.
111 1 _a8. Congresso Latino Americano de Avicultura; 8. Congresso Brasileiro de Avicultura
_cCamboriu, SC (Brazil)
_d12-15 Oct 1983
245 1 _aNiveis de fosforo em racoes para poedeiras [galinha para postura, dieta]
260 3 _aCamboriu, SC (Brasil):
_c1983.
500 _aAnais do 8. Congresso Latino Americano de Avicultura e 8. Congresso Brasileiro de Avicultura Camboriu, SC (Brasil): 1983. p. 221-230 (BR8302436-AM)L36
650 _aGALINHA PARA POSTURA
650 _aFOSFORO
650 _aRACAO
650 _aDIETA
650 _aPRODUCAO
773 0 _tAnais do 8. Congresso Latino Americano de Avicultura e 8. Congresso Brasileiro de Avicultura
_wL36 BR8302436
_gCamboriu, SC (Brasil), 1983. p. 221-230
909 _a202404
_bLucia
_c55
_dLucia Elande
942 _cAM
_2AGRIS
999 _c315839
_d315839